| 000 | 01117nam0a22002651 4500 | ||
|---|---|---|---|
| 001 | rc\153364 | ||
| 005 | 20260407072955.0 | ||
| 035 | _a(NLR Aleph) 005421010 | ||
| 090 |
_a7475614 _c7475614 |
||
| 100 | _a20030307d1992 |||y0rusy50 ca | ||
| 101 | 0 | _arus | |
| 102 | _aRU | ||
| 105 | _aa ||||||||| | ||
| 200 | 1 |
_aИтальянская живопись XIII-XVIII веков _e[Альбом] _fГос. музей изобраз. искусств им. А.С. Пушкина |
|
| 210 |
_aМ. _cИзобразит. искусство _d1992 |
||
| 215 |
_a382 с. _cцв. ил. _d30 |
||
| 320 | _aБиблиогр.: с. 374-382 | ||
| 700 | 1 |
_7ca _8rus _aМаркова _bВ. Э. _cд-р искусствоведения _f1942- _gВиктория Эммануиловна _94650 _3RU\NLR\AUTH\7721588 |
|
| 712 | 0 | 2 |
_aГосударственный музей изобразительных искусств им. А. С. Пушкина _cМосква _9277150 _3RU\NLR\AUTH\883002 |
| 801 | 0 |
_aRU _bNLR _gpsbo |
|
| 801 | 1 |
_aRU _bELAR _2rusmarc |
|
| 852 |
_aNLR _bЭ _jАлИс134/2-М821 |
||
| 942 | _cBOOK | ||
| 980 | _aNB | ||